| 000 -LEADER |
| fixed length control field |
00618pam a2200217 a 4500 |
| 001 - CONTROL NUMBER |
| control field |
1491640 |
| 005 - DATE AND TIME OF LATEST TRANSACTION |
| control field |
20180205075009.0 |
| 008 - FIXED-LENGTH DATA ELEMENTS--GENERAL INFORMATION |
| fixed length control field |
880216s1989 caua b s001 0 eng |
| 010 ## - LIBRARY OF CONGRESS CONTROL NUMBER |
| LC control number |
88004214 |
| 020 ## - INTERNATIONAL STANDARD BOOK NUMBER |
| International Standard Book Number |
0520063686 (alk. paper) |
| 040 ## - CATALOGING SOURCE |
| Original cataloging agency |
DLC |
| Transcribing agency |
DLC |
| Modifying agency |
DLC |
| 041 ## - LANGUAGE CODE |
| Language code of text/sound track or separate title |
eng |
| 080 ## - UNIVERSAL DECIMAL CLASSIFICATION NUMBER |
| Universal Decimal Classification number |
388.4068 |
| 082 00 - DEWEY DECIMAL CLASSIFICATION NUMBER |
| Classification number |
388.4068 CHI |
| Edition number |
19 |
| 100 1# - Rafti |
| Rafti |
19 |
| 101 ## - Shkurtesa |
| Shkurtesa |
SHP |
| 245 10 - TITLE STATEMENT |
| Title |
Coordination without hierarchy : |
| Statement of responsibility, etc |
Donald Chisholm. |
| 504 ## - BIBLIOGRAPHY, ETC. NOTE |
| Bibliography, etc |
Bibliography: p. 245-263. |
| 906 ## - LOCAL DATA ELEMENT F, LDF (RLIN) |
| a |
7 |
| b |
cbc |
| c |
orignew |
| d |
1 |
| e |
ocip |
| f |
19 |
| g |
y-gencatlg |
| 942 ## - ADDED ENTRY ELEMENTS (KOHA) |
| Source of classification or shelving scheme |
|
| Item type |
Books |